Les 12 animaux du calendrier chinois - Statistiques

Statistiques générales
  • Ce quiz a été pris 353 fois
  • Le résultat moyen est 8 sur 12
Statistiques - réponses
Animaux % Correct
Dragon
88%
Chien
87%
Cochon
78%
Rat
78%
Serpent
77%
Lapin
68%
Cheval
65%
Singe
63%
Tigre
63%
Chèvre
62%
Coq
54%
Buffle
30%
Aucun quiz correspondant
Distribution des résultats
% des personnes avec chaque résultat
Percentile par nombre de réponses
Votre historique - résultats
Vous n’avez pas pris ce quiz